000 00716nam a2200289Ia 4500
005 20260324141211.0
008 008 260324s9999 xx 000 0 eng d
020 _a9780429237904
037 _aEBOOK
040 _aCRL
040 _beng
040 _cCRL
041 _2eng
041 _aeng
084 _qCRL
100 _aMatthew B. Krepps; Amy B. Candell
_91207306
245 0 _aIndustrial Inefficiency and Downsizing
245 2 _bA Study of Layoffs and Plant Closures
260 _bTaylor and Francis
260 _c1997
365 _a
365 _b77.99
856 _uhttp://www.taylorfrancis.com/books/9780429237904
942 _cEBOOK
999 _c1810125
_d1810125